| 000 | 00501nam a2200181Ia 4500 | ||
|---|---|---|---|
| 001 | 10148 | ||
| 005 | 20260306161810.0 | ||
| 008 | 260306t1994||||xx |||||||||||||| ||spa|| | ||
| 041 | _aESP | ||
| 082 |
_a901 _bM26 |
||
| 100 |
_aMartorell Carreño, Alberto. _eAUT |
||
| 245 | 0 |
_aPatrimonio cultural: _bprotegiendo las raíces de nuestra historia. Un estudio de derecho cultural |
|
| 260 | _c1994 | ||
| 300 |
_a323 páginas : _c22 cm. |
||
| 650 | _aGEN | ||
| 654 | _aCHU | ||
| 942 |
_cLIB _dJUS _fJUS _2ddc _n |
||
| 999 |
_c10148 _d10148 |
||